Score 0/18 Timer 04:00
0 Plays Today
Scrambled Word Unscrambled Word % Correct
GULNLUNG
95.4%
ADLYLADY
93.8%
ADHNHAND
93.8%
SORCSCROSS
78.5%
MATESSTEAM
74.8%
SHOREHORSE
71.9%
FALEWFWAFFLE
66%
NAGITGIANT
54.2%
DOEXIOXIDE
53.3%
Scrambled Word Unscrambled Word % Correct
LETTYBUFRBUTTERFLY
48.3%
Word in common with all of the above:IRON
44.8%
GIRLCUNCURLING
40.2%
IFSLINGFILINGS
26.8%
INAMEDMAIDEN
22.6%
TROWHUGWROUGHT
16.9%
ARCUNITCURTAIN
13.6%
NOGIRDLESSOLDERING
6%
INTEGRALTRIANGLE
2.3%
Remove Ads.
Support Sporcle.
Get the best of Sporcle when you Go Orange. This ad-free experience offers more features, more stats, and more fun while also helping to support Sporcle. Thank you for becoming a member.

You're not logged in!

Compare scores with friends on all Sporcle quizzes.
OR
Log In

Show Comments

Extras

Top Quizzes Today


Score Distribution

Your Account Isn't Verified!

In order to create a playlist on Sporcle, you need to verify the email address you used during registration. Go to your Sporcle Settings to finish the process.

Report this User

Report this user for behavior that violates our Community Guidelines.

Details: